[Event "BEL-chT 2122"]
[Site "Belgium"]
[Date "2022.03.27"]
[Round "10.6"]
[White "Cocquyt, Tijs"]
[Black "Bistiaux, Thomas"]
[Result "1-0"]
[WhiteElo "2064"]
[BlackElo "1703"]
[PlyCount "59"]
[EventDate "2021.10.24"]
[EventType "team-tourn"]
[EventRounds "11"]
[EventCountry "BEL"]
[SourceTitle "EXT 2023"]
[Source "ChessBase"]
[SourceDate "2022.10.05"]
[SourceVersion "1"]
[SourceVersionDate "2022.10.05"]
[SourceQuality "1"]
[WhiteTeam "Oostende"]
[BlackTeam "Borgerhout"]
[WhiteTeamCountry "BEL"]
[BlackTeamCountry "BEL"]

1. d4 c5 2. d5 e6 3. e4 exd5 4. exd5 d6 5. Nc3 Nf6 6. Be2 Bf5 7. Nf3 Nbd7 8. 0-0 Be7 9. Nd2 a6 10. a4 0-0 11. Nc4 Re8 12. Bf4 Nb6 13. Ne3 Bg6 14. h3 h6 15. Qd2 Rc8 16. a5 Nbd7 17. Ra3 Ne5 18. Bh2 Ne4 19. Nxe4 Bxe4 20. Rb3 Rc7 21. Bxe5 dxe5 22. Rb6 Bg5 23. Rd1 c4 24. d6 Rc5 25. Qc3 Bxe3 26. Qxe3 Rxa5 27. Bxc4 Bc6 28. b4 Ra4 29. Rxc6 bxc6 30. Qb3 1-0

[Event "BEL-chT 1011"]
[Site "Belgium"]
[Date "2011.03.27"]
[Round "11.8"]
[White "Hias, Ludovic"]
[Black "Bistiaux, Thomas"]
[Result "1-0"]
[WhiteElo "2017"]
[BlackElo "1807"]
[PlyCount "78"]
[EventDate "2010.09.26"]
[EventType "team-tourn"]
[EventRounds "11"]
[EventCountry "BEL"]
[SourceTitle "EXT 2012"]
[Source "ChessBase"]
[SourceDate "2011.11.24"]
[SourceVersion "1"]
[SourceVersionDate "2011.11.24"]
[SourceQuality "1"]
[WhiteTeam "Charleroi CREC"]
[BlackTeam "Borgerhout"]
[WhiteTeamCountry "BEL"]
[BlackTeamCountry "BEL"]

1. e4 c5 2. Nf3 e6 3. c3 Nc6 4. d4 cxd4 5. cxd4 d5 6. e5 Bb4+ 7. Bd2 Qb6 8. a3 Bxd2+ 9. Qxd2 Nge7 10. Bd3 Bd7 11. 0-0 Nxd4 12. Nxd4 Qxd4 13. Re1 Qb6 14. Nc3 Ng6 15. Rad1 0-0 16. Bb1 Bc6 17. Re3 f5 18. Ne2 Ba4 19. Re1 Rac8 20. Qd4 Qxd4 21. Nxd4 Kf7 22. g4 f4 23. Bxg6+ hxg6 24. Rf3 Ke7 25. g5 Rc4 26. Rd3 Bd7 27. Nf3 Bc6 28. Red1 Rc2 29. R1d2 Rc1+ 30. Rd1 Rxd1+ 31. Rxd1 Rh8 32. Rc1 Rh5 33. h4 Kd7 34. Rd1 Rh8 35. Rd4 Rf8 36. Kg2 Bb5 37. Nd2 Rf5 38. Rb4 Kc6 39. Nf3 Kc7 1-0